Fr. Conceicao Rodrigues College of Engineering

Hacking for Dummies (Record no. 35940)

MARC details
000 -LEADER
fixed length control field 00261 a2200121 4500
000 - LEADER
fixed length control field nam a22 7a 4500
020 ## - INTERNATIONAL STANDARD BOOK NUMBER
International Standard Book Number 9788126577040
100 ## - MAIN ENTRY--PERSONAL NAME
Personal name Beaver,Kevin
9 (RLIN) 84
245 ## - TITLE STATEMENT
Title Hacking for Dummies
250 ## - EDITION STATEMENT
Edition statement 6
260 ## - PUBLICATION, DISTRIBUTION, ETC.
Name of publisher, distributor, etc. Apress
Date of publication, distribution, etc. 2018
264 ## - PRODUCTION, PUBLICATION, DISTRIBUTION, MANUFACTURE, AND COPYRIGHT NOTICE
Name of producer, publisher, distributor, manufacturer Apress

No items available.